000 01407nam2a22002651 4500
001 RU\NLR\INFOCOMM19\1000081732
005 20040601110435.0
035 _a(NLR Aleph) 002582291
090 _a3286536
_c3286536
100 _a20040601d1976 |||y0rusy50 ba
101 0 _arus
102 _aRU
105 _ay |||||||||
200 1 _aМеханизация подачи настила к вырубочным прессам за рубежом
_fА.Л. Голотко, Г.А. Пискорский
210 _d1976
461 0 _1001RU\NLR\INFOCOMM19\1000081731
_12001#$aОбзоры по основным направлениям развития отрасли$eОбзор. информ.$iСерия "Обувная промышленность"$fЦНИИ информ. и техн.-экон. исслед. лег. пром-сти$vВып.1
_93286527
_cМ.
_d1976-
_fЦНИИ информ. и техн.-экон. исслед. лег. пром-сти
_iСерия "Обувная промышленность"
_oОбзор. информ.
_tОбзоры по основным направлениям развития отрасли
_x0205-3753
_vВып.1
700 1 _aГолотко
_bА. Л.
_4070
701 1 _aПискорский
_bГ. А.
_4070
801 0 _aRU
_bNLR
_gPSBO
801 1 _aRU
_bInfoComm
_c20040601
852 _aNLR
_jП10/5169
942 _cISSUE
980 _aNB
980 _aRUSPER